[Event "AUTO-OPEN-1843"]
[Site "http://www.queenalice.com/game.php?id=716760"]
[Date "2010.1.19"]
[Round "1"]
[White "jb_thehorrible"]
[Black "torab"]
[Result "0-1"]
[WhiteElo "1447"]
[BlackElo "1732"]

1. e4 e5 2. Nf3 d6 3. Bb5+ c6 4. Bd3 h6 5. Nc3 b5 6. O-O d5 7. exd5 b4 8. Ne4
Nf6 9. Nxf6+ gxf6 10. dxc6 Nxc6 11. Bb5 Bd7 12. d4 e4 13. Nd2 Nxd4 14. Bxd7+
Qxd7 15. Rb1 Rc8 16. Nxe4 Be7 17. Be3 Qd5 18. f3 Qe5 19. Bxd4 Qf4 20. g3 Qf5 21.
Nd2 Rxc2 22. Rc1 Rxc1 23. Qxc1 O-O 24. g4 Qd3 25. Bf2 f5 26. gxf5 Bg5 27. Re1
Bxd2 28. Qa1 Bxe1 29. Qxe1 a5 30. Bc5 Rc8 31. Bf2 Qxf5 32. b3 Qg5+ 33. Bg3 Rc1
34. Kf2 Rxe1 35. Kxe1 Qe3+ 36. Kd1 Qxf3+ 37. Ke1 Qg2 38. Kd1 Qxa2 39. Bc7 a4 40.
bxa4 b3 41. Bd6 Qc2+ 0-1

[Event "AUTO-OPEN-1843"]
[Site "http://www.queenalice.com/game.php?id=716761"]
[Date "2010.1.19"]
[Round "1"]
[White "torab"]
[Black "jb_thehorrible"]
[Result "1-0"]
[WhiteElo "1742"]
[BlackElo "1500"]

1. e4 e5 2. a3 Nf6 3. d3 Bc5 4. b4 Bd4 5. c3 Bb6 6. a4 c6 7. a5 Bc7 8. Nf3 d6 9.
h3 d5 10. Na3 dxe4 11. dxe4 Nxe4 12. Qc2 Bf5 13. Bd3 Qd5 14. O-O O-O 15. Re1 Nd6
16. Bxf5 Nxf5 17. Qxf5 g6 18. Qf6 Re8 19. Bh6 1-0

[Event "AUTO-OPEN-1843"]
[Site "http://www.queenalice.com/game.php?id=716762"]
[Date "2010.1.19"]
[Round "1"]
[White "jb_thehorrible"]
[Black "QuinhoFogo"]
[Result "0-1"]
[WhiteElo "1419"]
[BlackElo "1626"]

1. e4 e5 2. Nf3 Nc6 3. Bb5 a6 4. Ba4 b5 5. Bb3 Bc5 6. O-O Nf6 7. Nc3 d6 8. Nd5
Nxd5 9. Bxd5 Bb7 10. Bxc6+ Bxc6 11. d3 O-O 12. Bg5 f6 13. c3 fxg5 14. d4 exd4
15. cxd4 g4 16. dxc5 gxf3 17. cxd6 Qxd6 18. gxf3 Qg6+ 19. Kh1 Rad8 20. Qe2 Rde8
21. Rad1 Rd8 22. b4 Rxd1 23. Qxd1 Rxf3 24. Qd8+ Be8 25. Qd5+ Kh8 26. e5 Bc6 27.
Qd1 Rd3+ 28. f3 Rxd1 29. Rxd1 Bxf3# 0-1

[Event "AUTO-OPEN-1843"]
[Site "http://www.queenalice.com/game.php?id=716763"]
[Date "2010.1.19"]
[Round "1"]
[White "QuinhoFogo"]
[Black "jb_thehorrible"]
[Result "1-0"]
[WhiteElo "1719"]
[BlackElo "1490"]

1. e4 e5 2. Nf3 Nc6 3. Bc4 Nf6 4. Ng5 Be7 5. Nxf7 Rf8 6. Nxd8 Kxd8 7. d3 Bb4+ 8.
c3 d6 9. Bg5 Bc5 10. Bxf6+ gxf6 11. Bb5 Bd7 12. Bxc6 Bxc6 13. Qg4 d5 14. exd5
Bxd5 15. c4 Rg8 16. Qh5 Bxg2 17. Qxh7 Re8 18. Rg1 Bc6 19. Rg8 e4 20. Rxe8+ Kxe8
21. Qh8+ Bf8 22. Qxf6 Be7 23. Qg6+ Kd7 24. dxe4 b6 25. Nc3 a5 26. Rd1+ Bd6 27.
Qf7+ Kc8 28. Nb5 Bxh2 29. Qe6+ Kb7 30. a4 Bd6 31. Nxd6+ Ka6 32. b3 cxd6 33. Qxd6
Rh8 34. Qxc6 Rh1+ 35. Kd2 Rh2 36. Qb5+ Kb7 37. c5 Rxf2+ 38. Ke1 Rg2 39. Qxb6+
Kc8 40. Rd8# 1-0

[Event "AUTO-OPEN-1843"]
[Site "http://www.queenalice.com/game.php?id=716764"]
[Date "2010.1.19"]
[Round "1"]
[White "jb_thehorrible"]
[Black "Polux"]
[Result "0-1"]
[WhiteElo "1419"]
[BlackElo "1845"]

1. e4 e5 2. Nf3 d6 3. Nc3 c6 4. d4 exd4 5. Nxd4 g6 6. Bc4 Bg7 7. O-O Qb6 8. Nf3
Qc5 9. Bd3 Bxc3 10. bxc3 Qxc3 11. Bb2 Qxb2 12. Rb1 Qf6 13. c4 g5 14. Nd2 g4 15.
g3 h5 16. f4 gxf3 17. Rxf3 Qd4+ 18. Kg2 Bg4 19. Qc2 Bxf3+ 20. Nxf3 Qc5 21. a4
Nf6 22. a5 Qxa5 23. Nd2 Ng4 24. h3 Ne3+ 0-1

[Event "AUTO-OPEN-1843"]
[Site "http://www.queenalice.com/game.php?id=716765"]
[Date "2010.1.19"]
[Round "1"]
[White "Polux"]
[Black "jb_thehorrible"]
[Result "1-0"]
[WhiteElo "1847"]
[BlackElo "1419"]

1. e4 e5 2. Nf3 Nc6 3. c3 d6 4. d4 Nf6 5. Qe2 exd4 6. cxd4 d5 7. exd5+ Ne7 8.
Nc3 Bg4 9. Bf4 g6 10. Nb5 Nxd5 11. Be5 Rg8 12. Qe4 f6 13. Nxc7+ Nxc7 14. Bxf6
Bxf3 15. Qxf3 Bg7 16. Bxg7 Rxg7 17. Bc4 Qxd4 18. Qe2 Nd5 19. Rd1 Qxc4 20. Qxc4
Rd8 21. Qb5+ Rd7 22. O-O Nc7 23. Qxd7+ Kf7 24. Qxc7 b5 25. Rd7 Ke6 26. Re1+ Kf6
27. Qe5+ Kf7 28. Qxe7+ 1-0

[Event "JOGOS NAO ABERTOS"]
[Site "http://www.queenalice.com/game.php?id=717082"]
[Date "2010.1.20"]
[Round "-"]
[White "perucona"]
[Black "jb_thehorrible"]
[Result "0-1"]
[WhiteElo "1573"]
[BlackElo "1455"]

1. e4 e5 2. d4 exd4 3. Qxd4 Nc6 4. Qd5 Nf6 5. Qd3 Nb4 6. Qe2 Qe7 7. c3 Nc6 8.
Nf3 d5 9. e5 Nd7 10. Nbd2 Ncxe5 11. Nxe5 Nxe5 12. Nf3 Bg4 13. Bf4 Qd8 14. Bxe5
Bd6 15. Bxd6+ Kd7 16. Bg3 Re8 17. Qxe8+ Qxe8+ 18. Be2 b6 19. h3 Bxf3 20. gxf3 c5
21. Kd2 Kd8 22. Bh4+ Kc8 23. Rhg1 g6 24. Rg3 c4 25. Re1 b5 26. b4 Qd7 27. f4 d4
28. cxd4 Qxd4+ 29. Kc2 Qe4+ 30. Kc3 Qxf4 31. Rg4 Qe5+ 32. Kc2 f5 33. Bg3 Qf6 34.
Rh4 g5 35. Rxh7 f4 36. Bg4+ Kb8 37. h4 Qd8 38. h5 fxg3 39. fxg3 Qd3+ 40. Kb2
Qd2+ 41. Ka3 Qxe1 42. Rg7 Qc3# 0-1

[Event "Challenge"]
[Site "http://www.queenalice.com/game.php?id=737324"]
[Date "2010.2.25"]
[Round "-"]
[White "Thanasis"]
[Black "jb_thehorrible"]
[Result "0-1"]
[WhiteElo "1571"]
[BlackElo "1430"]

1. Nf3 Nc6 2. Nc3 Nf6 3. d4 d5 4. Bg5 Bg4 5. h3 Bh5 6. g4 Bg6 7. e3 h6 8. Bh4 h5
9. g5 Nd7 10. Bg2 f6 11. Nxd5 fxg5 12. Nxg5 Nf6 13. Ne6 Qd7 14. Nexc7+ Kf7 15.
Nxa8 Nxd5 16. Bxd5+ Qxd5 17. Nc7 Qxh1+ 18. Ke2 Qxh3 19. Bg3 h4 20. Be5 Qg4+ 21.
Kd2 Qxd1+ 22. Rxd1 Nxe5 23. dxe5 h3 24. Rh1 a5 25. c4 a4 0-1

[Event "Challenge"]
[Site "http://www.queenalice.com/game.php?id=742796"]
[Date "2010.3.7"]
[Round "-"]
[White "mouderjr"]
[Black "jb_thehorrible"]
[Result "1-0"]
[WhiteElo "1681"]
[BlackElo "1473"]

1. d4 d5 2. Nf3 Nc6 3. g3 Bg4 4. Bg2 e6 5. Nc3 Nf6 6. h3 Bxf3 7. exf3 Bb4 8. Bd2
O-O 9. O-O Nxd4 10. Bg5 h6 11. Be3 Nf5 12. Nb5 a6 13. Nd4 Nxd4 14. Bxd4 c6 15.
c3 Be7 16. b4 b5 17. a4 bxa4 18. Rxa4 g5 19. f4 Ne4 20. fxg5 hxg5 21. Bxe4 dxe4
22. Qe2 Bf6 23. Rd1 Bxd4 24. Rxd4 Qf6 25. Rc4 Rfc8 26. Qxe4 Qe7 27. Rc5 f5 28.
Qe2 g4 29. hxg4 Qg5 30. Qxe6+ Kf8 31. Rxc6 Rxc6 32. Qxc6 Qc1+ 33. Kg2 Ra7 34.
gxf5 Qg5 35. b5 axb5 36. Qc8+ Kf7 37. Rxa7+ Kf6 38. Qe6# 1-0

[Event "Challenge"]
[Site "http://www.queenalice.com/game.php?id=742843"]
[Date "2010.3.8"]
[Round "-"]
[White "reginaldoscarabelicandido"]
[Black "jb_thehorrible"]
[Result "1-0"]
[WhiteElo "1371"]
[BlackElo "1499"]

1. c4 c5 2. Nf3 Nf6 3. h3 d5 4. e3 dxc4 5. Bxc4 Nc6 6. Ng5 Be6 7. Nxf7 Bxf7 8.
Bxf7+ Kxf7 9. Qb3+ e6 10. Qxb7+ Ne7 11. d4 Rb8 12. Qxa7 cxd4 13. exd4 1-0